000 00656nam a22002417a 4500
003 UA-OsUOA
001 80366
007 ta
008 20111207b un ||||| |||| 00| 0 ukr d
100 _aРобинсон Д.
090 _a821.161.1
_bР58
942 _cBK
040 _aUA-OsUOA
_brus
_cUA-OsUOA
_dUA-OsUOA
245 _aИзбранные сочинения в пяти томах
_bроман
_n1
300 _a288 с.
955 _a3
041 _arus
080 _a821.161.1
020 _a5-7390-0106-4
260 _aМ.
_bОлимп
_c1992
650 7 _a82 Література. Літературознавство
_2UDC
999 _c366651
_d366651